| Tag |
First Indicator |
Second Indicator |
Subfields |
| LEADER |
00000cam a2200000K 4500 |
| 001 |
in00002467708 |
| 005 |
20151110043133.0 |
| 008 |
971117s1930 enka b 001 0 eng d |
| 035 |
|
|
|a (OCoLC)ocm37951613
|
| 035 |
|
|
|a (OCoLC)37951613
|
| 040 |
|
|
|a AVA
|c AVA
|d OCLCQ
|d OCLCG
|d TXA
|d UtOrBLW
|
| 049 |
|
|
|a TXAM
|
| 090 |
|
|
|a DA675
|b .J6 v.13
|
| 110 |
2 |
|
|a London County Council.
|
| 245 |
1 |
4 |
|a The parish of St. Margaret, Westminster.
|n Part II,
|p (Neighbourhood of Whitehall, Vol. I) :
|b being the thirteenth volume of the survey of London /
|c by Montagu H. Cox and G. Topham Forrest.
|
| 246 |
3 |
|
|a Neighbourhood of Whitehall
|
| 246 |
1 |
8 |
|a St. Margaret, Westminster
|
| 264 |
|
1 |
|a London :
|b B.T. Batsford for London County Council,
|c 1930.
|
| 300 |
|
|
|a xxii, 279 pages, 119 leaves of plates :
|b illustrations,coats of arms, facsimiles, plans (1 color) ;
|c 30 cm.
|
| 336 |
|
|
|a text
|b txt
|2 rdacontent
|
| 337 |
|
|
|a unmediated
|b n
|2 rdamedia
|
| 338 |
|
|
|a volume
|b nc
|2 rdacarrier
|
| 490 |
1 |
|
|a Being the thirteenth volume of the survey of London
|
| 490 |
1 |
|
|a Publication ;
|v no. 2722
|
| 504 |
|
|
|a Includes bibliographical references.
|
| 500 |
|
|
|a Includes index.
|
| 610 |
2 |
0 |
|a St. Margaret's Parish (Westminster, England)
|
| 650 |
|
0 |
|a Architecture
|z England
|z Westminster (London)
|
| 650 |
|
0 |
|a Historic buildings
|z England
|z London.
|
| 651 |
|
0 |
|a London (England)
|x Buildings, structures, etc.
|
| 700 |
1 |
|
|a Cox, Montagu Hounsell.
|
| 700 |
1 |
|
|a Forrest, G. Topham
|q (George Topham),
|d 1872-1945.
|
| 830 |
|
0 |
|a Survey of London ;
|v v. 13.
|
| 830 |
|
0 |
|a Publication (London County Council) ;
|v no. 2722.
|
| 948 |
|
|
|a cataloged
|b h
|c 2009/1/26
|d c
|e mjackson
|f 1:43:38 pm
|
| 994 |
|
|
|a C0
|b TXA
|
| 999 |
|
|
|a MARS
|
| 999 |
f |
f |
|s c3d27f87-d6dd-352d-b711-36d188395b6c
|i d6a09fa3-df7f-3f20-94f9-5f408e29f599
|t 0
|
| 952 |
f |
f |
|p noncirc
|a Texas A&M University
|b College Station
|c Cushing Memorial Library & Archives
|s cush lond
|d Cushing: London (Does not check out)
|t 0
|e DA675 .J6 v.13
|h Library of Congress classification
|i unmediated -- volume
|m A14852690149
|
| 998 |
f |
f |
|a DA675 .J6 v.13
|t 0
|l Cushing: London (Does not check out)
|